| 000 | 00856cam a22002897a 4500 | ||
|---|---|---|---|
| 003 | CHAP | ||
| 005 | 20220817041457.0 | ||
| 008 | 971013s1907 r 00010 d | ||
| 010 | _a15614 | ||
| 011 | _a16586 | ||
| 035 | _a20668 | ||
| 040 | _cCHAP | ||
| 090 | _aFolleto 6352 | ||
| 100 | 0 | 0 |
_aHillman, Joseph. _955457 |
| 245 | 1 | 3 | _aEl cultivo de la caña de azúcar |
| 260 |
_aNew York : _bWilliam S. Myers, _c1907 |
||
| 300 | _a30 p. | ||
| 590 |
_aBATCH-UPD _b10 _c20130110 _lUCH01 _h1926 |
||
| 590 |
_aBATCH-UPD _b10 _c20130410 _lUCH01 _h1250 |
||
| 590 |
_aBATCH-UPD _b10 _c20130914 _lUCH01 _h0835 |
||
| 590 |
_aCONVERSION _b10 _c20130109 _lUCH01 _h1310 |
||
| 650 | 1 | 4 | _aCaña de azúcar. |
| 901 | _aBK | ||
| 942 | _cFOLL | ||
| 949 |
_aFolleto 6352 _bBC _cFOLL _d206681 _eTS1 _i20668 _mD _si |
||
| 949 |
_aFolleto 6352 _bBC _cFOLL _d206682 _eTS2 _fc.2 _i20668 _mD _sb |
||
| 999 |
_c15614 _d15614 |
||